000 00563nam a2200217Ia 4500
003 OSt
005 20220928150213.0
006 a|||||r|||| 00| 0
007 ta
008 220927b |||||||| |||| 00| 0 eng d
024 _a89008
037 _cTextual
040 _aSDCL
_cSDCL
_beng
041 _2eng
_aeng
082 _aO15,1B2:g(Q), N5
100 _aDutta Kusum
_9515705
245 0 _aMahabharata ke shntiparva mein dharm ka swaroop.
260 _c1995
942 _hO15,1B2:g(Q), N5
_cTEXL
_2CC
999 _c840756
_d840756